[Event "World Cup U18 Prel"]
[Site "Tornelo INT"]
[Date "2021.08.20"]
[Round "9"]
[White "Weisz, Benjamin"]
[Black "Olaybal, Christian Marcelo"]
[Result "0-1"]
[WhiteElo "1485"]
[BlackElo "1833"]
[PlyCount "40"]
[EventDate "2021.08.16"]
[EventType "swiss (rapid)"]
[EventRounds "10"]
[EventCountry "NET"]
[SourceTitle "CBM 203 Extra"]
[Source "ChessBase"]
[SourceDate "2021.09.30"]
[SourceVersion "1"]
[SourceVersionDate "2021.09.30"]
[SourceQuality "1"]

1. e4 e5 2. Nf3 Nf6 3. d4 exd4 4. e5 Ne4 5. Qxd4 d5 6. exd6 Nxd6 7. Nc3 Nc6 8. Qf4 Be7 9. Bd3 Be6 10. Be3 Bf6 11. Rd1 h6 12. Nd4 Nxd4 13. Bxd4 Bxd4 14. Qxd4 Qg5 15. 0-0 0-0 16. Ne4 Nxe4 17. Qxe4 g6 18. Qxb7 Bd5 19. Qxd5 Qxd5 20. Bxg6 Qxa2 0-1

[Event "World Cup U18 Prel"]
[Site "Tornelo INT"]
[Date "2021.08.17"]
[Round "3"]
[White "Stoyanov, Viktor"]
[Black "Olaybal, Christian Marcelo"]
[Result "1-0"]
[WhiteElo "2204"]
[BlackElo "1833"]
[PlyCount "183"]
[EventDate "2021.08.16"]
[EventType "swiss (rapid)"]
[EventRounds "10"]
[EventCountry "NET"]
[SourceTitle "CBM 203 Extra"]
[Source "ChessBase"]
[SourceDate "2021.09.30"]
[SourceVersion "1"]
[SourceVersionDate "2021.09.30"]
[SourceQuality "1"]

1. d4 Nf6 2. c4 g6 3. Nf3 Bg7 4. Nc3 d5 5. cxd5 Nxd5 6. e4 Nxc3 7. bxc3 c5 8. Bb5+ Bd7 9. Bxd7+ Nxd7 10. 0-0 0-0 11. Be3 Qa5 12. Qb3 cxd4 13. cxd4 Nb6 14. Rac1 Rac8 15. Rc5 Qa4 16. Rfc1 Qxb3 17. axb3 a6 18. Rc7 f5 19. exf5 gxf5 20. Rxb7 Nd5 21. Rc5 e6 22. Bd2 Nf6 23. Bf4 Ne4 24. Rxc8 Rxc8 25. Rb6 Nc3 26. Bd2 Ne2+ 27. Kf1 Nxd4 28. Nxd4 Bxd4 29. Rxe6 Rc2 30. Be1 Rb2 31. b4 Ra2 32. Rd6 Bg7 33. Rd5 f4 34. Ra5 Rxa5 35. bxa5 Kf7 36. Ke2 Ke6 37. Kf3 Kf5 38. Bd2 Be5 39. g3 fxg3 40. hxg3 h5 41. Be3 Bc3 42. Bb6 Bb4 43. Kg2 Bd6 44. Kh3 Be7 45. f3 Bg5 46. Kg2 Bf6 47. Kf2 Be5 48. Bd8 Bd6 49. Kg2 Bb8 50. Kh3 Be5 51. Kh4 Kg6 52. g4 hxg4 53. Kxg4 Bd6 54. f4 Kf7 55. f5 Ke8 56. Bb6 Be5 57. Kf3 Kd7 58. Ke4 Bf6 59. Bd4 Bd8 60. Bb6 Bf6 61. Kd5 Be7 62. Bc5 Bf6 63. Bb4 Bd8 64. Bc3 Be7 65. Be1 Bd8 66. Ke5 Be7 67. Bf2 Bd8 68. Bb6 Be7 69. Kd5 Bf6 70. Bd4 Bd8 71. Bc3 Be7 72. Bd2 Bd8 73. Kc5 Kc7 74. Bf4+ Kd7 75. Bd2 Kc7 76. Be1 Kd7 77. Kd4 Bf6+ 78. Ke4 Kc6 79. Kf4 Kb5 80. Kg4 Kc5 81. Kh5 Kb5 82. Kg6 Ba1 83. Kf7 Kc6 84. Ke6 Bd4 85. Bg3 Bc3 86. Be5 Bxa5 87. f6 Bb4 88. f7 a5 89. Bf6 Bf8 90. Be7 Bg7 91. Kf5 Kd7 92. Kg6 1-0

[Event "World Cup U18 Prel"]
[Site "Tornelo INT"]
[Date "2021.08.16"]
[Round "1"]
[White "Srihari, LR."]
[Black "Olaybal, Christian Marcelo"]
[Result "1-0"]
[WhiteElo "2414"]
[BlackElo "1833"]
[PlyCount "69"]
[EventDate "2021.08.16"]
[EventType "swiss (rapid)"]
[EventRounds "10"]
[EventCountry "NET"]
[SourceTitle "CBM 203 Extra"]
[Source "ChessBase"]
[SourceDate "2021.09.30"]
[SourceVersion "1"]
[SourceVersionDate "2021.09.30"]
[SourceQuality "1"]

1. Nf3 Nf6 2. c4 c6 3. d4 g6 4. Bf4 Bg7 5. e3 0-0 6. Nc3 d5 7. Qb3 Ne4 8. Nxe4 dxe4 9. Nd2 f5 10. h4 h6 11. Be2 Qb6 12. Qc2 c5 13. Nb3 Qb4+ 14. Qc3 Nc6 15. Bc7 b6 16. a3 Qxc3+ 17. bxc3 Ba6 18. Rc1 Rac8 19. Bh2 Rfd8 20. g4 e6 21. Rg1 Kh7 22. gxf5 exf5 23. Bg3 Bf6 24. Rh1 Rd7 25. a4 Kg7 26. Kd2 Kf7 27. Ra1 cxd4 28. cxd4 Na5 29. Nxa5 bxa5 30. c5 Bxe2 31. Kxe2 Ke6 32. Rab1 Kd5 33. Rb5 Bd8 34. c6+ Kxc6 35. Rc1# 1-0